000 00972cam a2200265 i 4500
001 000007622
003 DO-SdBNP
005 20250602113834.0
007 ta
008 830808s1942 ag a a 000 0 spa
040 _aDO-SdBNP
_bspa
_cBNPHU
_erda
082 _a923.9
_bC719G
_222
100 1 _aGandía, Enrique de,
_d1906-2000.
_eautor
_921150
245 1 0 _aHistoria de Crístobal Colón :
_banálisis crítico de las fuentes documentales y de los problemas colombínos /
_cEnríque de Gandía.
264 _aBuenos Aires :
_bClaridad,
_c1942.
300 _a493 páginas :
_bilustraciones ;
_c20 cm.
336 _ardacontent
_btexto
_2txt
337 _ardamedia
_bsin mediación
_2n
338 _ardacarrier
_bvolumen
_2nc
590 _aInventariado,2024/DG
600 0 _aCOLÓN, CRISTOBAL,
_d1436-1456
_919795
651 0 _aAmérica del Sur
_xHistoria
_yGuerras de Independencia, 1806-1830
_zEspañoles
_vEnsayo, conferencias, etc.
_94537
910 _aDG
942 _2ddc
_cLBS1
999 _c7402
_d7402